| 000 | 01026nam a2200265 a 4500 | ||
|---|---|---|---|
| 001 | 000002927 | ||
| 005 | 20200929150304.0 | ||
| 008 | 090706s1998 dr 001 0 spa d | ||
| 040 |
_aDO-SdBNP _bspa _cBNPHU |
||
| 082 |
_a342.729303 _bR457h |
||
| 100 | 1 |
_aReyes Cerda, Nelson, _d1943- _99301 |
|
| 245 | 1 | 0 |
_aHistoria de las reformas a la Constitución Dominicana / _cNelson Reyes Cerda. |
| 260 |
_aSanto Domingo : _bGuillograf, _c1998. |
||
| 300 |
_a200 p. ; _c22 cm. |
||
| 490 | 1 | _aEstudios de derecho constitucional | |
| 500 | _aIncluye datos biografícos del autor. | ||
| 590 | _aInventariado, 2018/ YL | ||
| 650 | 4 |
_aLeyes _zRepública Dominicana _93033 |
|
| 650 | 4 |
_aInterpretación del derecho _99302 |
|
| 651 | 4 |
_aRepública Dominicana _xHistoria Constitucional _96486 |
|
| 651 | 4 |
_aRepública Dominicana _xDerecho Constitucional _99303 |
|
| 651 | 4 |
_aRepública Dominicana _xReformas Constitucionales _xHistoria _91617 |
|
| 830 | 0 |
_aEstudios de derecho constitucional _99304 |
|
| 910 | _aValidado. Control de calidad EMS | ||
| 999 |
_c2760 _d2760 |
||